Statistiques concernant Les homonymes dans la langue française - lettre L

Cliquez ici pour prendre le quiz!

Statistiques générales

  • Ce quiz a été pris 139 fois
  • Le résultat moyen est 21 sur 22

Statistiques - réponses

MotIndiceHomonyme% Correct
laidchemin de halage
100%
laqueétendue d'eaulac
99%
laidpoèmelai
99%
liemesure chinoiseli
99%
loboreillelobe
99%
luxrichesseluxe
99%
licefleurlys
99%
laidarticle définiles
98%
liemeublelit
98%
légauxjeulego
97%
lisséécolelycée
97%
laidvachelait
95%
lafatiguélas
95%
laidfemelle du sanglierlaie
94%
leurtromperieleurre
93%
lestagileleste
92%
liceuniformelisse
92%
libérauxarrière au footballlibero
86%
lutinstrument de musiqueluth
85%
lorryperroquetlori
83%
lieudistancelieue
82%
larddieu romainlare
72%

Distribution des résultats

Percentile par nombre de réponses

% des personnes avec chaque résultat

Votre développement - résultats

Vous n’avez pas pris ce quiz